00355nam a22001097a 4500008004100000020002200041082001100063100004000074245009300114260001800207300002000225230227b |||||||| |||| 00| 0 eng d a978-0-8048-5533-4 a152.42 aHector Garcia and Francesc Miralles aThe Ikigai Journey:bA practical guide to finding happiness and purpose the Japanese way bTuttle,c2022 a223 p.c20.5 cm